000 00266nam a22001217a 4500
008 190305b xxu||||| |||| 00| 0 eng d
041 _aeng
080 _22nd
_a573
100 _a11
101 _aBIO
245 _aThe Microbial World
_cStanier, R.Y
942 _2udc
_cBK
999 _c54518
_d54518